000 00584nam a2200145Ia 4500
008 231221s9999 xx 000 0 und d
041 _aEnglish
082 _aPESIT/LIB
100 _aSen, Gayathri
245 0 _aDigital resource management in hybrid libraries [e resource : article]
260 _bIndian Institue of Technology
_aKharagpur
510 _apaper presented at the National Conference on Information Management in Digital Libraries (NCIMDIL) August 02-04, 2006 at IIT, Kharagpur, pp 487 -492
650 _aDIGITAL,MANAGEMENT,HYBRID,[electronic,:,article]
942 _cDL
999 _c204504
_d204504